000 00737nam a2200181 i 4500
001 768714001
003 CO-MdFUSB
005 20220725173045.0
008 220725t1984 ck |||| |||| 00| 0 spa d
040 _bspa
_cCO-MdFUSB
_dCO-MdFUSB
041 _aspa
100 _aBécquer, Gustavo Adolfo,
_eautor
245 _aLeyendas :
_bEl caudillo de las manos rojas, La cruz del diablo, La ajorca de oro, Maese Pérez el organista, El rayo de luna, Creed en Dios, El miserere
_c/ Gustavo Adolfo Bécquer
300 _aVolumen 12, (1984) páginas 285 - 462 ;
_c22 cm
650 7 _97089
_aLiteratura española
773 0 _067924
_981151
_aOveja Negra,
_o24701
_tMaestros de la literatura universal
_w(CO-MdFUSB)768714001
_z8482806718
942 _cBK
999 _c68008
_d68008